[Event "BCF-chT4 0607 (4NCL)"]
[Site "Sunningdale"]
[Date "2007.05.27"]
[Round "10.143"]
[White "Winchcombe, Andrew W"]
[Black "Hardy, Roger"]
[Result "1/2-1/2"]
[WhiteElo "1895"]
[BlackElo "2026"]
[PlyCount "60"]
[EventDate "2006.09.16"]
[EventType "team"]
[EventRounds "11"]
[EventCountry "ENG"]
[SourceTitle "EXT 2008"]
[Source "ChessBase"]
[SourceDate "2007.11.25"]
[SourceVersion "1"]
[SourceVersionDate "2007.11.25"]
[SourceQuality "1"]
[WhiteTeam "Conquistadors II"]
[BlackTeam "Grendel's Mother"]
[WhiteTeamCountry "ENG"]
[BlackTeamCountry "ENG"]

1. e4 c6 2. d4 d5 3. exd5 cxd5 4. c4 Nf6 5. Nc3 Nc6 6. cxd5 Nxd5 7. Bc4 Nb6 8. Bb5 Bd7 9. Nge2 Nb4 10. Bxd7+ Qxd7 11. a3 N4d5 12. 0-0 e6 13. Nf4 Nxf4 14. Bxf4 Nd5 15. Nxd5 Qxd5 16. Re1 Be7 17. Re5 Qd7 18. d5 Bf6 19. Re2 Rd8 20. d6 0-0 21. Rd2 Rc8 22. Rc1 Rxc1 23. Qxc1 Rc8 24. Rc2 Rxc2 25. Qxc2 Bd8 26. Qc5 Bb6 27. Qc4 f6 28. Qd3 h5 29. h4 e5 30. Bd2 Bd4 1/2-1/2

[Event "BCF-chT4 0506 (4NCL)"]
[Site "West Bromwich"]
[Date "2006.05.28"]
[Round "10.6"]
[White "Winchcombe, Andrew W"]
[Black "Lakhani, Anjali"]
[Result "1/2-1/2"]
[WhiteElo "1870"]
[BlackElo "1755"]
[PlyCount "51"]
[EventDate "2005.11.05"]
[EventType "team"]
[EventRounds "11"]
[EventCountry "ENG"]
[SourceTitle "CBM 109 Extra"]
[Source "ChessBase"]
[SourceDate "2006.01.03"]
[SourceVersion "2"]
[SourceVersionDate "2006.01.03"]
[SourceQuality "1"]
[WhiteTeam "Slough Sharks IV"]
[BlackTeam "Nottinghamshire II"]
[WhiteTeamCountry "ENG"]
[BlackTeamCountry "ENG"]

1. e4 c5 2. Nf3 d6 3. d4 cxd4 4. Nxd4 Nf6 5. Nc3 g6 6. Be3 Bg7 7. Qd2 Nc6 8. f3 0-0 9. 0-0-0 Bd7 10. h4 h5 11. Nxc6 bxc6 12. Bh6 Be6 13. Bxg7 Kxg7 14. b3 Qa5 15. Kb2 Rab8 16. Be2 Rb7 17. Rhg1 Rfb8 18. Nb1 Qxd2 19. Nxd2 a5 20. Nc4 a4 21. Na5 Rb6 22. Nc4 Rb4 23. Na5 R4b6 24. Nc4 Rb4 25. Na5 R4b6 26. Nc4 1/2-1/2

[Event "BCF-chT4 0506 (4NCL)"]
[Site "West Bromwich"]
[Date "2006.03.18"]
[Round "7.6"]
[White "Parry, Matthew"]
[Black "Winchcombe, Andrew W"]
[Result "0-1"]
[WhiteElo "1677"]
[BlackElo "1870"]
[PlyCount "76"]
[EventDate "2005.11.05"]
[EventType "team"]
[EventRounds "11"]
[EventCountry "ENG"]
[SourceTitle "CBM 109 Extra"]
[Source "ChessBase"]
[SourceDate "2006.01.03"]
[SourceVersion "2"]
[SourceVersionDate "2006.01.03"]
[SourceQuality "1"]
[WhiteTeam "King takes Pawn"]
[BlackTeam "Slough Sharks IV"]
[WhiteTeamCountry "ENG"]
[BlackTeamCountry "ENG"]

1. d4 Nf6 2. Nf3 g6 3. e3 Bg7 4. c3 d5 5. Nbd2 0-0 6. Bd3 Nbd7 7. 0-0 Re8 8. e4 e5 9. Re1 dxe4 10. Nxe4 exd4 11. Nxf6+ Nxf6 12. Rxe8+ Qxe8 13. Nxd4 a6 14. Bf4 c5 15. Nf3 Be6 16. Ne5 Nh5 17. Qf3 Nxf4 18. Qxf4 Qb8 19. Re1 Bxe5 20. Qxe5 Qxe5 21. Rxe5 Rd8 22. Bf1 Rd1 23. Rxc5 Bf5 24. Rxf5 gxf5 25. g3 Ra1 26. b4 Rxa2 27. c4 a5 28. bxa5 Rxa5 29. Bg2 b6 30. Bd5 Rc5 31. Kf1 b5 32. Ke2 bxc4 33. Bf3 c3 34. Kd1 Kg7 35. Kc2 Kf6 36. Bd1 Ke5 37. Kd3 Rd5+ 38. Kc2 Rd2+ 0-1